00936 2200181 4500001002100000005001500021035002000036245005500056100001600111250001700127300002800144260002900172082001000201084001700211020002200228650001400250520049000264INLIS00000000000067620240831090935 a0010-08240001941 aPetunjuk Praktis Menanam Jambu Biji /cNeni Suheni0 aNeni Suheni aCetakan Ke-1 a55 hlm :bIlus ;c21 cm aBandung :bNuansa,c2007 a634.4 a634.4 NEN p a978-979-9481-79-1 4aPertanian aBuku ini memberikan petunjuk yang praktis dan sederhana tentang cara menanam jambu biji. Uraiannya sangat gamblang, komunikatif, dan sistematis, serta mudah dipraktikkan siapa saja, termasuk para pemula sekalipun. Dengan mengikuti petunjuk dalam buku ini, dijamin anda akan mampu membudidayakan jambu biji yang produktif dan sangat berkualitas. Jambu biji adalah salah satu komoditas unggulan yang punya nilai gizi dan nilai ekonomi cukup tinggi, sehingga sangat layak dibudidayakan.